| 000 -LEADER |
| fixed length control field |
00570nam a22002057a 4500 |
| 008 - FIXED-LENGTH DATA ELEMENTS--GENERAL INFORMATION |
| fixed length control field |
151012b xxu||||| |||| 00| 0 eng d |
| 020 ## - INTERNATIONAL STANDARD BOOK NUMBER |
| International Standard Book Number |
0072283637 |
| 041 0# - LANGUAGE CODE |
| Language code of text/sound track or separate title |
eng |
| 080 ## - UNIVERSAL DECIMAL CLASSIFICATION NUMBER |
| Universal Decimal Classification number |
004 |
| 100 1# - Rafti |
| Rafti |
Silberschatz, Abraham. |
| 245 10 - TITLE STATEMENT |
| Title |
Database system concepts / |
| Statement of responsibility, etc |
Abraham Silberschatz, Henry F. Korth, S. Sudarshan. |
| 250 ## - |
| -- |
4th ed. |
| 260 ## - |
| -- |
Boston : |
| -- |
McGraw-Hill, |
| -- |
2002. |
| 300 ## - |
| -- |
xxiv, 1064 f. ; |
| -- |
24 cm. |
| 650 #0 - |
| -- |
Menaxhimi |
| 650 #0 - |
| -- |
Baza të të dhënave |
| 700 1# - |
| -- |
Korth, Henry F. |
| 700 1# - |
| -- |
Sudarshan, S. |
| 942 ## - ADDED ENTRY ELEMENTS (KOHA) |
| Source of classification or shelving scheme |
|
| Item type |
Books |